000 00863nam a22001937a 4500
003 BR-ViAPE
005 20260505133014.0
008 260505s1976 por gs||||s000 0 por d
040 _cBR-ViAPE
110 _aEspírito Santo
_bEstado
245 _aMensagem encaminhada pelo Governador Élcio Álvares à Assembleia Legislativa 2ª sessão legislativa ordinaria da 8ª legislatura
260 _aVitória
_b[s.l.]
_c1976
300 _a9 p.
_bDocumento digitalizado (PDF)
500 _aDocumento digitalizado do acervo institucional do Arquivo Público do Estado do Espírito Santo - APEES.
650 _aAdministração pública
_zEspírito Santo
651 _aEspírito Santo
_xAdministração pública
856 _uhttps://ape.es.gov.br/Media/ape/PDF/Mensagens/Mensagem-2024/mensagem%20[1976]-1.pdf
_yCLIQUE AQUI PARA ACESSAR O DOCUMENTO
942 _2ddc
_cMSGREL
_n1
999 _c591
_d591